[Event "B47"]
[Site "Cleanchess.com   INT"]
[Date "2018.02.14"]
[Round "6"]
[White "Klimakovs,S"]
[Black "Vaibhav,S"]
[Result "0-1"]
[WhiteElo "2309"]
[BlackElo "2542"]

1.e4 c5 2.Nf3 e6 3.d4 cxd4 4.Nxd4 Nc6 5.Nc3 Qc7 6.g3 a6 7.Bg2 d6 8.O-O Bd7
9.Be3 Nf6 10.Qe2 Be7 11.Rad1 O-O 12.f4 Rac8 13.Nxc6 Bxc6 14.g4 b5 15.g5 Nd7
16.a3 Rfe8 17.Rf3 g6 18.Rh3 Bf8 19.Qg4 Bg7 20.Qh4 Nf8 21.Bf2 Rcd8 22.Rd2 Qb7
23.Re2 a5 24.Nd1 b4 25.axb4 axb4 26.Be1 Qb6+ 27.Kh1 Ra8 28.Ne3 Bb5 29.Rd2 Ra1
30.Ng4 Qc5 31.Bf3 Rea8 32.Kg2 Qc4 33.Bf2 Qc7 34.Nf6+ Bxf6 35.gxf6 h5 36.Qg5
Bf1+ 37.Kg3 Nh7 38.Qh6 Nxf6 39.e5 dxe5 40.Bxa8 Rxa8 41.Be3 Ne4+ 42.Kh4 Qe7+
{#R} 0-1

[Event "B47"]
[Site "Cleanchess.com   INT"]
[Date "2018.02.14"]
[Round "6"]
[White "Khachiyan,M"]
[Black "Kiewra,K"]
[Result "1-0"]
[WhiteElo "2522"]
[BlackElo "2382"]

1.e4 c5 2.Nc3 a6 3.Nf3 e6 4.d4 cxd4 5.Nxd4 Nc6 6.g3 Qc7 7.Bg2 Nf6 8.O-O Bc5
9.Nb3 Ba7 10.Qe2 Ne5 11.Bf4 d6 12.Rad1 O-O 13.h3 b5 14.a3 Bb7 15.Na2 Qc4
16.Rfe1 Qxe2 17.Rxe2 Nc4 18.c3 d5 19.e5 Nd7 20.Nb4 g5 21.Bxg5 Ndxe5 22.Bf6 Nd7
23.Bd4 Bb8 24.Nd3 Bd6 25.Nbc5 Nxc5 26.Bxc5 Rfc8 27.Bxd6 Nxd6 28.Ne5 Rc7 29.Rd4
Nc4 30.f4 Kf8 31.g4 Nxe5 32.Rxe5 Rc4 33.Rxc4 bxc4 34.f5 Ke7 35.fxe6 fxe6
36.Rh5 Rh8 37.Kf2 Kf6 38.Rh6+ Ke5 39.Ke3 Bc6 40.Bf3 Rb8 41.g5 Rxb2 42.Bg4 Kd6
43.Bxe6 Ba4 44.Bf5+ Kc5 45.Rxh7 Bc2 46.Rc7+ Kd6 47.Rd7+ Ke5 48.Bg4 Rb3 49.Re7+
Kd6 50.Re6+ Kc5 51.Kd2 Rb2 52.Kc1 Ra2 53.Re2 Rxa3 54.Kxc2 Ra2+ 55.Kb1 Ra3
56.Kb2 Rb3+ 57.Kc2 Rb8 58.g6 d4 59.Re5+ {#r} 1-0

[Event "B47"]
[Site "Cleanchess.com Lutsk UKR"]
[Date "2018.02.16"]
[Round "3.7"]
[White "Terletsky,O"]
[Black "Mirzoev,E"]
[Result "0-1"]
[WhiteElo "2406"]
[BlackElo "2405"]

1.e4 c5 2.Nf3 e6 3.d4 cxd4 4.Nxd4 Nc6 5.Nc3 Qc7 6.g3 a6 7.Bg2 d6 8.O-O Be7
9.Nxc6 bxc6 10.Na4 Nf6 11.c4 O-O 12.Be3 Rb8 13.b3 e5 14.h3 Be6 15.f4 Rfd8
16.f5 Bc8 17.Qc2 h6 18.g4 Rb7 19.Qf2 d5 20.cxd5 cxd5 21.Rac1 Qb8 22.exd5 Nxd5
23.Bxd5 Rxd5 24.f6 Bxf6 25.Bxh6 Rbd7 26.Nb6 Bb7 27.Nxd7 Rxd7 28.Be3 Qe8 29.g5
Be7 30.Rcd1 Rxd1 31.Rxd1 Qc6 32.Kh2 g6 33.Rc1 Qe4 34.Rc4 Qh1+ 35.Kg3 Bd6
36.Kh4 Qd1 37.Qd2 Qh5+ 38.Kg3 Qf3+ 39.Kh4 Bf8 40.Qf2 Qd5 41.Qf6 Bg7 42.Qf2 Kh7
43.Rc5 Qe4+ 44.Kg3 Bd5 45.Rc7 Be6 46.Bc5 Qd3+ 47.Qe3 Qf5 48.Bb4 e4 49.Bc3 Bxc3
50.Rxc3 Qxh3+ 51.Kf2 Qh2+ 52.Ke1 Qxa2 53.Qd4 Qa1+ 54.Kd2 Qb2+ 55.Ke3 Qg2
56.Qxe4 Qxg5+ 57.Kd4 Qf6+ 58.Qe5 Qd8+ 59.Kc5 Qa5+ 60.Kd4 Qb4+ 61.Ke3 Bxb3
62.Rc8 Qb6+ 63.Kf4 Qf2+ 64.Kg5 Qg2+ 65.Kf6 Qf3+ 66.Ke7 Qb7+ 67.Rc7 Qb4+ 68.Kd8
Qf8+ 69.Kd7 Ba4+ 70.Rc6 Bxc6+ {#R} 0-1

[Event "B48"]
[Site "Cleanchess.com   INT"]
[Date "2018.02.14"]
[Round "6"]
[White "Borisek,J"]
[Black "Klein,Da"]
[Result "1-0"]
[WhiteElo "2576"]
[BlackElo "2501"]

1.e4 c5 2.Nf3 e6 3.d4 cxd4 4.Nxd4 Nc6 5.Nc3 Qc7 6.Be3 a6 7.Qf3 b5 8.Nxc6 Qxc6
9.O-O-O Nf6 10.e5 Qxf3 11.gxf3 Nh5 12.Bd3 f5 13.f4 Bb7 14.Rhg1 g6 15.Be2 Bh6
16.Rd4 Bc6 17.a4 Rb8 18.axb5 axb5 19.b4 Bf8 20.Kb2 Be7 21.Kb3 Kf7 22.Ra1 Rb7
23.Ra5 Rhb8 24.Rd1 Ng7 25.Rda1 Ne8 26.Ba7 Rc8 27.Nxb5 Bd8 28.Bc5 Bxa5 29.Rxa5
Bd5+ 30.c4 Bc6 31.Nd6+ Nxd6 32.Bxd6 Rb6 33.c5 Rb7 34.b5 Bd5+ 35.Kb4 Bc6 36.b6
Rg8 37.h4 h6 38.Ra3 Rc8 39.Bc4 Rg8 40.Ra5 Re8 41.Bb5 Rc8 42.Bxc6 dxc6 43.Ra7
Rxa7 44.bxa7 g5 45.Bb8 Rd8 46.a8=Q Rd4+ 47.Kc3 Rxf4 48.h5 Rf3+ 49.Kd2 Rxf2+
50.Ke1 Rf4 51.Qb7+ Kf8 52.Bd6+ Kg8 53.Qc8+ Kh7 54.Qd7+ Kg8 55.Qxe6+ Kg7
56.Qg6+ Kh8 57.Bf8 Re4+ 58.Kd2 Rd4+ 59.Kc3 Rd7 60.e6 Rh7 61.e7 f4 62.e8=Q f3
63.Bg7# 1-0

[Event "B51"]
[Site "Cleanchess.com Wachtebeke BEL"]
[Date "2018.02.14"]
[Round "8.4"]
[White "Beerdsen,Thomas"]
[Black "Hautot,S"]
[Result "1-0"]
[WhiteElo "2445"]
[BlackElo "2368"]

1.e4 c5 2.Nf3 d6 3.Bb5+ Nd7 4.O-O a6 5.Bd3 Ngf6 6.Re1 e6 7.a4 Be7 8.c3 b6
9.Bc2 Bb7 10.d4 d5 11.e5 Ne4 12.Nfd2 Nxd2 13.Nxd2 c4 14.Qg4 g6 15.Nf3 b5 {#r}
1-0

[Event "B51"]
[Site "Cleanchess.com Rochefort FRA"]
[Date "2018.02.18"]
[Round "2.1"]
[White "Demchenko,A"]
[Black "Stets,D"]
[Result "1-0"]
[WhiteElo "2671"]
[BlackElo "2398"]

1.e4 c5 2.Nf3 d6 3.Bb5+ Nd7 4.d4 Nf6 5.Nc3 a6 6.Bxd7+ Nxd7 7.O-O e6 8.Bg5 Qc7
9.d5 e5 10.a4 g6 11.Nd2 Bg7 12.Nc4 Nb6 13.Nxb6 Qxb6 14.a5 Qc7 15.Bd2 b5
16.axb6 Qxb6 17.Na4 Qc7 18.Qe1 Rb8 19.Ba5 Qa7 20.Qe3 h5 21.b4 Bh6 22.Qc3 O-O
23.bxc5 dxc5 24.Qxc5 Qxc5 25.Nxc5 f5 26.c4 fxe4 27.Nxe4 Rb2 28.Rfe1 Bf5 29.f3
Rc2 30.c5 Rf7 31.c6 Bf8 32.Rec1 Bxe4 33.fxe4 Bc5+ 34.Kh1 Rff2 35.c7 {#r} 1-0

[Event "B51"]
[Site "Cleanchess.com Newcastle ENG"]
[Date "2018.02.18"]
[Round "9.3"]
[White "Nasuta,G"]
[Black "Gormally,D"]
[Result "0-1"]
[WhiteElo "2454"]
[BlackElo "2483"]

1.e4 c5 2.Nf3 d6 3.Bb5+ Nd7 4.O-O a6 5.Bd3 Ngf6 6.Re1 g6 7.c3 Bg7 8.Bc2 O-O
9.d4 cxd4 10.cxd4 b5 11.Nc3 Bb7 12.a3 Rc8 13.Bg5 h6 14.Bh4 e5 15.dxe5 dxe5
16.Bb3 Qc7 17.Bd5 Nxd5 18.Nxd5 Bxd5 19.Qxd5 Nb6 20.Qd2 Qc2 21.Rad1 Na4 22.Re2
Qxd2 23.Rexd2 f5 24.Be7 Rf7 25.Bd6 fxe4 26.Nxe5 Rf6 27.Bb4 a5 28.Rd8+ Rxd8
29.Rxd8+ Kh7 30.Bxa5 Ra6 31.Bc7 Nxb2 32.Rd7 b4 33.a4 Nxa4 34.h4 b3 35.Ng4 Nc5
36.Re7 Kg8 {#R} 0-1

[Event "B51"]
[Site "Cleanchess.com   INT"]
[Date "2018.02.14"]
[Round "6"]
[White "Hammer,J"]
[Black "Ter Sahakyan,S"]
[Result "1-0"]
[WhiteElo "2621"]
[BlackElo "2563"]

1.e4 c5 2.Nf3 d6 3.Bb5+ Nd7 4.a4 Nf6 5.d3 g6 6.O-O Bg7 7.Re1 O-O 8.c3 e5
9.Nbd2 Nb8 10.Nf1 Nc6 11.Bc4 h6 12.Ne3 Kh7 13.Nd5 Nxd5 14.exd5 Ne7 15.d4 cxd4
16.cxd4 exd4 17.Nxd4 Nf5 18.Nxf5 Bxf5 19.Bd3 Qf6 20.Bxf5 Qxf5 21.Qb3 Rac8
22.Be3 Rc2 23.Qxb7 Rxb2 24.Qxa7 Qxd5 25.Rad1 Qc6 26.Bd4 Rb7 27.Qa5 Bxd4
28.Rxd4 Rb2 29.Rf4 Qc5 30.Qxc5 dxc5 31.h4 Rb7 32.Rc1 Rc8 33.Kf1 Kg7 34.a5 Ra7
35.Ra4 Kf6 36.Ke2 Ke5 37.Kd3 Kd5 38.Rb1 Rcc7 39.Kc3 Re7 40.Rb6 Re2 41.a6 Ree7
42.Ra1 h5 43.Rd1+ Ke5 44.Kc4 Kf5 45.Kxc5 Re2 46.Rd5+ Kg4 47.Rb4+ {#r} 1-0

[Event "B51"]
[Site "Cleanchess.com   INT"]
[Date "2018.02.14"]
[Round "6"]
[White "Neiksans,A"]
[Black "Gupta,Ab"]
[Result "0-1"]
[WhiteElo "2582"]
[BlackElo "2610"]

1.e4 c5 2.Nf3 d6 3.Bb5+ Nd7 4.a4 Nf6 5.Nc3 e6 6.a5 Be7 7.a6 O-O 8.O-O bxa6
9.Bxa6 Bxa6 10.Rxa6 Qc8 11.Ra2 d5 12.exd5 Nxd5 13.Nxd5 exd5 14.d3 Bf6 15.Bg5
Bxg5 16.Nxg5 h6 17.Nf3 Re8 18.Re1 Qc7 19.h3 Ne5 20.Nxe5 Rxe5 21.Qa1 Kh7 22.b3
d4 23.Rxe5 Qxe5 24.Qd1 a5 25.Qf3 Ra7 26.Qe4+ Qxe4 27.dxe4 Kg6 28.f4 Kf6 29.Kf2
g5 30.g3 Ke6 31.Kf3 f6 32.Kg4 Ra6 33.Kf3 h5 34.h4 gxh4 35.gxh4 Ra8 36.Ke2 f5
37.Kf3 fxe4+ 38.Kxe4 Kd6 39.f5 Re8+ 40.Kf4 Re2 41.Rxa5 Rxc2 42.Ra6+ Kd5 43.f6
Rf2+ 44.Kg5 d3 45.Kg6 d2 46.Ra8 Ke6 47.Ra1 Rg2+ 48.Kxh5 Kxf6 49.Kh6 Ke5 50.h5
Kd4 51.Kh7 Kc3 52.h6 Kb2 53.Rf1 Kc2 54.Kh8 d1=Q {#R} 0-1

[Event "B51"]
[Site "Cleanchess.com Leiden NED"]
[Date "2018.02.18"]
[Round "6.1"]
[White "Ducarmon,Q"]
[Black "Bok,B"]
[Result "0-1"]
[WhiteElo "2472"]
[BlackElo "2613"]

1.e4 c5 2.Nf3 d6 3.Bb5+ Nd7 4.O-O a6 5.Bd3 Ngf6 6.Re1 e6 7.c3 Be7 8.Bc2 b5
9.d4 Bb7 10.Nbd2 Qc7 11.Nf1 O-O 12.Ng3 Rfe8 13.h3 Rac8 14.Bd3 Bf8 15.Qe2 g6
16.a4 c4 17.Bc2 e5 18.d5 Nc5 19.axb5 axb5 20.Nh2 Ra8 21.Bg5 Bg7 22.Qf3 Ncd7
23.Ng4 Nxg4 24.hxg4 Nc5 25.Nf1 Reb8 26.Bd2 Bc8 27.g5 Bd7 28.Reb1 Qc8 29.Qd1
Bf8 30.Rxa8 Rxa8 31.Ra1 Be7 32.Be3 Rxa1 33.Qxa1 Qd8 34.Qc1 f6 35.gxf6 Bxf6
36.Qa1 Bg5 37.Bxg5 Qxg5 38.Qa8+ Kf7 39.Ne3 Qf6 40.Qa7 Ke7 41.Qb8 h5 42.Qg8 Be8
43.Qh7+ Bf7 44.Qh6 Qf4 45.Qxf4 exf4 46.Nf1 g5 47.Nd2 g4 48.b4 cxb3 49.Bxb3 Be8
50.Bc2 Kf6 51.Bd1 Ke5 52.f3 g3 53.Bc2 h4 54.Bd1 Kf6 55.Bc2 Bd7 56.Bd1 Ke7
57.Bc2 Kf6 58.Bd1 Kf7 59.Kf1 Ke7 60.Kg1 Be8 61.Bc2 Bd7 62.Bd1 {#R} 0-1

[Event "B52"]
[Site "Cleanchess.com Aarhus DEN"]
[Date "2018.02.15"]
[Round "6.2"]
[White "Kollars,Dmitrij"]
[Black "Teplyi,I"]
[Result "1-0"]
[WhiteElo "2509"]
[BlackElo "2402"]

1.e4 c5 2.Nf3 d6 3.Bb5+ Bd7 4.Bxd7+ Nxd7 5.O-O Ngf6 6.Qe2 e6 7.d4 cxd4 8.Nxd4
Qa5 9.c4 a6 10.Rd1 Be7 11.b3 O-O 12.Bb2 Rac8 13.Nc3 Rfe8 14.Rac1 Bf8 15.Kh1 g6
16.Nc2 Rc7 17.f4 Rb8 18.e5 dxe5 19.fxe5 Ne8 20.a3 Qxe5 21.Qxe5 Nxe5 22.Nd5
exd5 23.Bxe5 Bd6 24.Bxd6 Nxd6 25.Ne3 Ne4 26.Nxd5 Nf2+ 27.Kg1 Nxd1 28.Nxc7 Ne3
29.Kf2 Nf5 30.Rd1 h5 31.Rd7 a5 32.Kf3 Nh4+ 33.Kg3 g5 34.Rd5 f6 35.Rxa5 Kf7
36.Rb5 Kg6 37.Nd5 {#r} 1-0

[Event "B52"]
[Site "Cleanchess.com Newcastle ENG"]
[Date "2018.02.15"]
[Round "2.9"]
[White "Haria,R"]
[Black "Abdulla,Murad"]
[Result "1-0"]
[WhiteElo "2376"]
[BlackElo "2260"]

1.Nf3 c5 2.e4 d6 3.Bb5+ Bd7 4.Bxd7+ Qxd7 5.c4 Nc6 6.Nc3 g6 7.d4 cxd4 8.Nxd4
Bg7 9.Be3 Nf6 10.f3 O-O 11.Rc1 Rfc8 12.b3 Rab8 13.O-O a6 14.Nxc6 Qxc6 15.Qe2
Rd8 16.Nd5 Nxd5 17.cxd5 Qd7 18.Rc4 Rdc8 19.Rfc1 Rxc4 20.Qxc4 Re8 21.Qa4 Qxa4
22.bxa4 f5 23.exf5 gxf5 24.Kf2 Kf7 25.Rc7 Rb8 26.Ke2 b5 27.a5 Ra8 28.Kd3 Bf6
29.g4 fxg4 30.fxg4 Rg8 31.h3 Ra8 32.g5 Be5 33.Ke4 Ke8 34.h4 Kf7 35.h5 Rb8
36.Kf5 b4 37.g6+ hxg6+ 38.hxg6+ Kg8 39.Rxe7 Rf8+ 40.Ke4 Rf6 41.Bg5 Rxg6 42.Kf5
Rg7 43.Rxg7+ Kxg7 44.Ke6 Kf8 45.Be7+ Ke8 46.Bxd6 Bg7 47.Be7 {#r} 1-0

[Event "B56"]
[Site "Cleanchess.com   INT"]
[Date "2018.02.14"]
[Round "6"]
[White "Gunina,V"]
[Black "Thorhallsson,T"]
[Result "1-0"]
[WhiteElo "2502"]
[BlackElo "2418"]

1.e4 c5 2.Nf3 d6 3.d4 cxd4 4.Nxd4 Nf6 5.Nc3 Nc6 6.f3 e6 7.Be3 Be7 8.Be2 O-O
9.O-O Qc7 10.Qd2 a6 11.Rad1 Nxd4 12.Bxd4 b5 13.a3 Bb7 14.Bd3 Rfd8 15.Qf2 Nd7
16.f4 Rf8 17.Qg3 Bf6 18.Bxf6 Nxf6 19.e5 dxe5 20.fxe5 Nh5 21.Qg5 g6 22.Be4 h6
23.Qxh6 Bxe4 24.Nxe4 Qxe5 25.Ng5 Qg7 26.Qxg7+ Nxg7 27.Rd7 Nf5 28.g4 Nh6 29.h3
Rfd8 30.Rfd1 Rxd7 31.Rxd7 Rc8 32.c3 Kf8 33.Kf2 Ke8 34.Ra7 Rc6 35.Ne4 e5 36.g5
Nf5 37.Nf6+ Kd8 38.Rxf7 Rc4 39.Rf8+ Ke7 40.Re8+ Kd6 41.Ng4 Rf4+ 42.Ke2 e4
43.Kd2 a5 44.Ra8 a4 45.Ra6+ Kc5 46.Rxg6 Rf3 47.Re6 Ng7 48.Rxe4 Rxh3 49.Re7 Nf5
50.Re5+ Kc4 51.Rxf5 Rg3 52.Ne3+ Kb3 53.Rxb5+ Ka2 54.Ke2 {#r} 1-0

[Event "B60"]
[Site "Cleanchess.com Leiden NED"]
[Date "2018.02.18"]
[Round "6.3"]
[White "Kevlishvili,Robby"]
[Black "Zwirs,Nico"]
[Result "1-0"]
[WhiteElo "2469"]
[BlackElo "2378"]

1.e4 c5 2.Nf3 d6 3.d4 cxd4 4.Nxd4 Nf6 5.Nc3 Nc6 6.Bg5 g6 7.Bxf6 exf6 8.Bc4 a6
9.Qd2 Bg7 10.O-O-O O-O 11.Nxc6 bxc6 12.Qxd6 Qb6 13.Qd4 Qb8 14.Rde1 Re8 15.Qd2
Ra7 16.f4 Rd7 17.Qf2 Rde7 18.g3 f5 19.e5 Rb7 20.Bb3 Be6 21.Rd1 Bf8 22.Qe2 a5
23.Bxe6 Rxe6 24.b3 Qa7 25.Na4 Rb4 26.Rd8 Kg7 27.Rhd1 Rxa4 28.bxa4 Ba3+ 29.Kd2
Qb6 30.Rd3 Re7 31.Qf3 Bb4+ 32.Ke2 Qa6 33.Kf1 Qc4 34.Qe2 Bc5 35.Rd7 Qxa4
36.Rxe7 Bxe7 37.e6 Qxa2 38.Rd7 Kf8 39.Qe5 Qb1+ 40.Kg2 f6 41.Qc7 Qxc2+ 42.Kh3
Qc5 43.Qc8+ Kg7 44.Qe8 Kh6 45.Qxe7 Qc4 46.Qxh7# 1-0

[Event "B70"]
[Site "Cleanchess.com Neustadt an der Weinstrasse GER"]
[Date "2018.02.12"]
[Round "7.19"]
[White "Martin,Julian"]
[Black "Henrich,T"]
[Result "1-0"]
[WhiteElo "2415"]
[BlackElo "2227"]

1.e4 c5 2.Nf3 d6 3.d4 cxd4 4.Nxd4 Nf6 5.Nc3 g6 6.g3 Bg7 7.Bg2 O-O 8.O-O Nc6
9.Nde2 Rb8 10.a4 a6 11.h3 b5 12.axb5 axb5 13.Be3 Re8 14.f4 e5 15.f5 b4 16.Nd5
Nxd5 17.Qxd5 Ne7 18.Qd3 gxf5 19.exf5 e4 20.Bxe4 d5 21.f6 dxe4 22.Qxd8 Rxd8
23.fxe7 Re8 24.Ra7 Bxh3 25.Rb1 Rbc8 26.Nf4 Bf5 27.Nd5 Be6 28.Nxb4 Bf6 29.c3
Bxe7 30.Nc2 Bc4 31.Nd4 Bc5 32.Ra5 Re5 33.b4 Bd3 34.Rba1 Bxd4 35.Bxd4 Re6
36.Ra8 Rce8 37.Rxe8+ Rxe8 38.Kf2 f6 39.Ra7 Rf8 40.Rb7 Rf7 41.Rb8+ Kg7 42.b5 h5
43.b6 Ba6 44.c4 Rb7 45.Rd8 Bxc4 46.Rd6 Ba6 47.Bxf6+ Kg8 48.Ke3 Bd3 49.Bd8 Rg7
50.Rxd3 {#r} 1-0

[Event "B75"]
[Site "Cleanchess.com Lutsk UKR"]
[Date "2018.02.18"]
[Round "10.5"]
[White "Bordovsky,Vladimir"]
[Black "Bortnik,N"]
[Result "0-1"]
[WhiteElo "2326"]
[BlackElo "2432"]

1.Nf3 c5 2.e4 d6 3.d4 cxd4 4.Nxd4 Nf6 5.Nc3 g6 6.f3 Bg7 7.Be3 a6 8.Qd2 h5
9.Bc4 b5 10.Bb3 Bb7 11.O-O-O Nbd7 12.Kb1 Rc8 13.h3 h4 14.Qf2 Rh5 15.Rhe1 Kf8
16.Nde2 b4 17.Nd5 Nxd5 18.exd5 Nc5 19.g4 hxg3 20.Nxg3 Rxh3 21.f4 Qc7 22.Rg1
Rxg3 23.Rxg3 Ne4 24.Qg2 Nxg3 25.Qxg3 Qd7 26.Bd4 a5 27.Qd3 a4 28.Bc4 Qg4
29.Bxg7+ Kxg7 30.Qd4+ f6 31.Re1 Kf7 32.Qe3 Rc7 33.b3 axb3 34.axb3 Bc8 35.Qb6
Rb7 36.Qd8 Qh4 37.Rf1 Bf5 38.Qa8 Rc7 39.Qa5 Rxc4 40.bxc4 Qh3 41.Rc1 b3 42.Kb2
bxc2 43.Qc3 Qh2 44.Qe3 Qh8 45.Kc3 Qa8 46.Kd2 Qa5+ 47.Ke2 Qb4 48.Qd4 Qb3 49.Kd2
Qb4+ 50.Qc3 Qc5 51.Re1 Qf2+ 52.Kc1 Qxf4+ 53.Kb2 Qf2 54.c5 dxc5 55.Rc1 Qd4
56.Qxd4 cxd4 57.Kb3 Bd3 58.Kb4 Be4 59.Kc4 d3 60.Kc3 g5 61.Re1 f5 62.Kd2 Kf6
63.Ra1 g4 {#R} 0-1

[Event "B76"]
[Site "Cleanchess.com Chrzanow POL"]
[Date "2018.02.13"]
[Round "5.5"]
[White "Manik,M"]
[Black "Stachanczyk,J"]
[Result "1-0"]
[WhiteElo "2417"]
[BlackElo "2209"]

1.e4 c5 2.Nf3 d6 3.d4 cxd4 4.Nxd4 Nf6 5.Nc3 g6 6.Be3 Bg7 7.f3 O-O 8.Qd2 Nc6
9.O-O-O d5 10.Qe1 e5 11.Nxc6 bxc6 12.exd5 Nxd5 13.Bc4 Be6 14.Kb1 Rb8 15.Ne4 f5
16.Ng5 Bc8 17.Bc1 h6 18.Ne4 fxe4 19.fxe4 Be6 20.exd5 cxd5 21.Bxd5 Bxd5 22.c4
Qb6 23.Rxd5 Qc6 24.Qe4 Kh7 25.Rxe5 Qf6 26.Rb5 Rbe8 27.Qc2 Re7 28.h4 {#r} 1-0

[Event "B76"]
[Site "Cleanchess.com Lutsk UKR"]
[Date "2018.02.16"]
[Round "7.8"]
[White "Golubka,P"]
[Black "Korol,D"]
[Result "0-1"]
[WhiteElo "2503"]
[BlackElo "2291"]

1.e4 c5 2.Nf3 d6 3.d4 cxd4 4.Nxd4 Nf6 5.Nc3 g6 6.Be3 Bg7 7.f3 O-O 8.Qd2 Nc6
9.Bc4 Bd7 10.h4 Ne5 11.Bb3 Qa5 12.h5 Nxh5 13.g4 Nf6 14.Bh6 Bxh6 15.Qxh6 Rfc8
16.O-O-O Rxc3 17.bxc3 Qxc3 18.Kb1 Rc8 19.Rhf1 a5 20.a4 Nc4 21.Qc1 Qb4 22.Ka2
Bxa4 23.g5 Nd7 24.Rh1 Nc5 25.Rh2 e5 26.Rdh1 h5 27.gxh6 exd4 28.h7+ Kh8 29.Qg5
Qa3+ {#R} 0-1

[Event "B76"]
[Site "Cleanchess.com Newcastle ENG"]
[Date "2018.02.17"]
[Round "6.8"]
[White "Eggleston,D"]
[Black "Abdulla,Murad"]
[Result "1-0"]
[WhiteElo "2409"]
[BlackElo "2260"]

1.e4 c5 2.Nf3 d6 3.d4 cxd4 4.Nxd4 Nf6 5.Nc3 g6 6.Be3 Bg7 7.f3 Nc6 8.Qd2 O-O
9.O-O-O d5 10.exd5 Nxd5 11.Nxc6 bxc6 12.Bd4 Bxd4 13.Qxd4 Qb6 14.Na4 Qc7 15.Bc4
Rd8 16.Bb3 Be6 17.Nc5 Nf4 18.Nxe6 Nxe6 19.Qe3 Nf4 20.g3 Nd5 21.Qe4 e6 22.f4 a5
23.a4 Rab8 24.Rhe1 Rb4 25.Rd4 Rdb8 26.Red1 c5 27.Rc4 Rxc4 28.Bxc4 Rb4 29.b3
Qe7 30.Rxd5 {#r} 1-0

[Event "B80"]
[Site "Cleanchess.com   INT"]
[Date "2018.02.14"]
[Round "6"]
[White "Klimakovs,S"]
[Black "Harikrishna,P"]
[Result "0-1"]
[WhiteElo "2309"]
[BlackElo "2745"]

1.e4 c5 2.Nf3 e6 3.d4 cxd4 4.Nxd4 Nc6 5.Nc3 Qc7 6.g3 a6 7.Bg2 Nf6 8.O-O d6
9.Be3 Be7 10.Nxc6 bxc6 11.Na4 Bb7 12.c4 c5 13.Nc3 O-O 14.f4 Nd7 15.Rc1 Rad8
16.g4 Bf6 17.g5 Bxc3 18.Rxc3 f5 19.exf5 Bxg2 20.Kxg2 Rxf5 21.Qf3 Nf8 22.Rb3 d5
23.cxd5 exd5 24.Rc1 Ne6 25.Kh1 d4 26.Qe4 Qf7 27.Rb7 Qg6 28.Re7 Nxg5 29.fxg5
dxe3 30.Qxe3 Rxg5 31.Re6 Qh5 32.Rf1 h6 33.Qb3 Kh8 34.Qc2 Rg4 35.Rd6 Re8 36.Qd2
Qe5 37.Qd3 c4 38.Qd5 Qxd5+ 39.Rxd5 Re2 40.Rd6 a5 41.Rb6 Rgg2 42.Rf8+ Kh7 43.h4
Rh2+ 44.Kg1 Reg2+ 45.Kf1 Rc2 46.Rb7 Rh1# 0-1

[Event "B84"]
[Site "Cleanchess.com Neustadt an der Weinstrasse GER"]
[Date "2018.02.12"]
[Round "7.14"]
[White "Syrov,Arkadi"]
[Black "Sadzikowski,D"]
[Result "0-1"]
[WhiteElo "2264"]
[BlackElo "2584"]

1.e4 c5 2.Nf3 d6 3.d4 cxd4 4.Nxd4 Nf6 5.Nc3 a6 6.Be2 e6 7.O-O Be7 8.Qd3 Nc6
9.Rd1 Nxd4 10.Qxd4 Qc7 11.Bg5 Bd7 12.Bxf6 gxf6 13.a4 Qc5 14.Qxc5 dxc5 15.Bh5
Rd8 16.Rd2 Bc6 17.Rad1 Rxd2 18.Rxd2 Bd8 19.Re2 Bc7 20.b3 Be5 21.Nd5 Kf8 22.Ne3
Rg8 23.Nc4 Bc7 24.Bf3 Kg7 25.g3 b5 26.axb5 axb5 27.Nb2 Ra8 28.Kg2 Kf8 29.Nd3
c4 30.bxc4 bxc4 31.Ne1 Be5 32.Kh3 Ra3 33.Bg2 Ba4 34.Nf3 Rc3 35.Ne1 Ra3 36.Bf1
Ra1 37.Kg2 Rc1 38.Nf3 Bxc2 39.Re3 c3 40.Bd3 Bb3 41.Re2 Ke7 {#R} 0-1

[Event "B89"]
[Site "Cleanchess.com Lutsk UKR"]
[Date "2018.02.17"]
[Round "4.6"]
[White "Terletsky,O"]
[Black "Golubka,P"]
[Result "0-1"]
[WhiteElo "2406"]
[BlackElo "2503"]

1.e4 c5 2.Nf3 d6 3.d4 cxd4 4.Nxd4 Nf6 5.Nc3 Nc6 6.Bc4 e6 7.Be3 Be7 8.Qe2 a6
9.O-O-O Qc7 10.Bb3 Na5 11.g4 Nxb3+ 12.axb3 b5 13.g5 Nd7 14.Nf5 exf5 15.Nd5 Qd8
16.exf5 Bb7 17.f6 Bxd5 18.fxe7 Qa5 19.Rxd5 Qa1+ 20.Kd2 Qxh1 21.Rxd6 Qe4 22.Rd4
Qxe7 23.Qg4 Ne5 {#R} 0-1

[Event "B90"]
[Site "Cleanchess.com Graz AUT"]
[Date "2018.02.18"]
[Round "2.8"]
[White "Poetsch,H"]
[Black "Gungl,T"]
[Result "1-0"]
[WhiteElo "2484"]
[BlackElo "2251"]

1.e4 c5 2.Nf3 d6 3.d4 cxd4 4.Nxd4 Nf6 5.Nc3 a6 6.h3 e6 7.g4 b5 8.Bg2 Bb7 9.O-O
Qc7 10.Re1 Be7 11.a4 bxa4 12.Rxa4 O-O 13.Qe2 Nfd7 14.Rc4 Qd8 15.Be3 Ne5 16.Rb4
Qc8 17.f4 Nec6 18.Rc4 Nxd4 19.Bxd4 Nc6 20.Bf2 Qd8 21.Rd1 Rc8 22.Na4 Qa5 23.Nb6
Qb5 24.Nxc8 Rxc8 25.b3 Rd8 26.Qe1 {#r} 1-0

[Event "B90"]
[Site "Cleanchess.com Bhubaneswar IND"]
[Date "2018.02.13"]
[Round "8.1"]
[White "Rakesh,Kumar Jena"]
[Black "Gopal,G"]
[Result "0-1"]
[WhiteElo "2387"]
[BlackElo "2593"]

1.e4 c5 2.Nf3 d6 3.d4 cxd4 4.Nxd4 Nf6 5.Nc3 a6 6.h3 e5 7.Nb3 Be6 8.Be3 Nbd7
9.g4 b5 10.Qf3 h6 11.O-O-O Rc8 12.Kb1 Rxc3 13.bxc3 Qc7 14.Rg1 Qxc3 15.Bd3 g6
16.Qe2 Bg7 17.Qd2 Qc7 18.Qb4 O-O 19.f4 exf4 20.Bxf4 Ne5 21.Bxe5 dxe5 22.Qc5
Qb8 23.Na5 Rc8 24.Qb4 Qc7 25.Nb3 Nd7 26.Qa3 Qc6 27.Na5 Qb6 28.Nb3 Bf8 29.Qb2
Nc5 30.Nxc5 Bxc5 31.Rg3 Bd4 32.Qb4 Qc7 33.Rf3 a5 34.Qd2 Bc3 35.Qc1 Qc5 36.a3
b4 {#R} 0-1

[Event "B90"]
[Site "Cleanchess.com Bhubaneswar IND"]
[Date "2018.02.13"]
[Round "8.2"]
[White "Sharma,Di"]
[Black "Deepan,C"]
[Result "0-1"]
[WhiteElo "2238"]
[BlackElo "2516"]

1.e4 c5 2.Nf3 d6 3.d4 cxd4 4.Nxd4 Nf6 5.Nc3 a6 6.Be3 e6 7.f3 b5 8.g4 Nfd7
9.Qd2 Nb6 10.O-O-O N8d7 11.Ndxb5 axb5 12.Nxb5 Be7 13.Nxd6+ Kf8 14.Kb1 Ba6
15.b3 Qb8 16.c4 Ne5 17.Nb5 h5 18.f4 Bxb5 19.cxb5 Nxg4 20.Bd4 e5 21.fxe5 Nxe5
22.Qf2 Nbd7 23.Rg1 Rh6 24.Bh3 Rf6 25.Qg3 Rg6 26.Qc3 Rxg1 27.Rxg1 Qxb5 28.Bxd7
Nxd7 29.Bxg7+ Ke8 30.Qc2 Qc5 31.Qxc5 Nxc5 32.Bd4 Nxe4 33.Rg8+ Bf8 34.Rh8 Rd8
35.Bb2 Rd5 36.a4 Rd1+ 37.Ka2 Rd2 {#R} 0-1

[Event "B90"]
[Site "Cleanchess.com Newcastle ENG"]
[Date "2018.02.15"]
[Round "3.5"]
[White "Tan,Ju2"]
[Black "Eggleston,D"]
[Result "1-0"]
[WhiteElo "2479"]
[BlackElo "2409"]

1.e4 c5 2.Nf3 d6 3.d4 Nf6 4.Nc3 cxd4 5.Nxd4 a6 6.h3 e6 7.g4 h6 8.Be3 g5 9.Qe2
Nbd7 10.O-O-O Ne5 11.Nf3 Nfd7 12.Kb1 Qc7 13.h4 Nxf3 14.Qxf3 Rg8 15.hxg5 Ne5
16.Qg3 hxg5 17.Rh5 Be7 18.Be2 Bd7 19.f4 gxf4 20.Bxf4 Bc6 21.Qf2 Bf8 22.g5 b5
23.a3 Qb7 24.Rh7 Bxe4 25.Nxe4 Qxe4 26.Rxf7 Nxf7 27.Bf3 Qc4 28.Bxa8 Nxg5 29.Qg3
Be7 30.Bxd6 Bxd6 31.Qxd6 Kf7 32.Bg2 Kg6 33.Bf1 Qh4 34.Bd3+ Kh6 35.Qc6 Nh3
36.Qxe6+ Kg7 37.Rh1 Rh8 38.Qg6+ Kf8 39.Rf1+ {#r} 1-0

[Event "B90"]
[Site "Cleanchess.com   INT"]
[Date "2018.02.14"]
[Round "6"]
[White "He,Anthony"]
[Black "Ruiz C,J"]
[Result "0-1"]
[WhiteElo "2246"]
[BlackElo "2368"]

1.e4 c5 2.Nf3 d6 3.d4 cxd4 4.Nxd4 Nf6 5.Nc3 a6 6.Be3 e5 7.Nb3 Be6 8.h3 Be7
9.Qf3 h5 10.O-O-O Nbd7 11.Nd5 Bxd5 12.exd5 Rc8 13.g4 hxg4 14.hxg4 Rxh1 15.Qxh1
Nxg4 16.Qh8+ Bf8 17.Bh3 Nxe3 18.fxe3 Qg5 19.Bxd7+ Kxd7 20.Rf1 Qxe3+ 21.Kb1 f6
22.Qg8 Kc7 23.Qf7+ Kb8 24.a4 Qe4 25.Qd7 Qxc2+ 26.Ka2 Qc7 27.Qh3 Qc4 28.Rc1
Qxa4+ 29.Kb1 Qe4+ 30.Ka2 Rxc1 31.Nxc1 Qxd5+ 32.Nb3 Qf7 33.Kb1 d5 34.Qh8 Ka7
35.Qh1 d4 36.Nd2 Bb4 37.Ne4 f5 38.Qf1 g6 39.Ng5 Qb3 40.Qc1 e4 41.Qc2 Qxc2+
42.Kxc2 d3+ 43.Kd1 e3 44.Nf3 g5 {#R} 0-1

[Event "B90"]
[Site "Cleanchess.com   INT"]
[Date "2018.02.14"]
[Round "6"]
[White "Thavandiran,S"]
[Black "Zherebukh,Y"]
[Result "0-1"]
[WhiteElo "2399"]
[BlackElo "2636"]

1.e4 c5 2.Nf3 d6 3.d4 cxd4 4.Nxd4 Nf6 5.Nc3 a6 6.a4 g6 7.Be2 Bg7 8.O-O O-O
9.Be3 Nc6 10.Qd2 Bd7 11.Rfd1 Rc8 12.Nxc6 Bxc6 13.f3 Nd7 14.a5 Qc7 15.Bd4 Rfd8
16.Bxg7 Kxg7 17.Qd4+ Nf6 18.Rd2 e5 19.Qe3 d5 20.exd5 Nxd5 21.Nxd5 Rxd5 22.Rxd5
Bxd5 23.c4 Be6 24.Bf1 Rd8 25.b4 Rd4 26.Rc1 f6 27.Qc3 h5 28.g3 h4 29.f4 h3
30.fxe5 fxe5 31.Qf3 Bf5 32.Re1 Qe7 33.Qe3 Re4 34.Qd2 Rxe1 35.Qxe1 Qd6 36.Qc3
Kf6 37.Kf2 Qd1 38.b5 axb5 39.cxb5 Qd5 40.Kg1 Bd7 41.Qc4 Qd6 42.Qh4+ Kg7 43.Qc4
Qa3 44.Qd3 Qc5+ 45.Kh1 Be6 46.Be2 Bd5+ 47.Bf3 Qc1+ {#R} 0-1